Brains and how to get them

Bibliographic Details
Main Author: Larson, Christian D.
Format: Book
Published: Selangor : Masterpiece Publication , 2006
Subjects:

MARC

LEADER 00000cam a2200000 7i4500
001 0000019019
005 20080909.0
008 080612
020 |a 9833710085 
090 0 0 |a 153   |b LAR 
100 1 |a Larson, Christian D. 
245 1 0 |a Brains and how to get them   |c Christian D. Larson 
260 |a Selangor :   |b Masterpiece Publication ,   |c 2006 
650 0 |a Brains 
650 0 |a Cognitive neuroscience 
650 0 |a Thought and thinking 
999 |a 0000937076   |b Book   |c Adult Collection   |e Cawangan Bandar Tenggara 
999 |a 0001020216   |b Book   |c Adult Collection   |e Cawangan Bandar Tenggara 
999 |a 0001020473   |b Book   |c Adult Collection   |e Perbadanan Perpustakaan Awam Johor 
999 |a 0001020504   |b Book   |c Adult Collection   |e Cawangan Urban Transformation Centre 
999 |a 0001020505   |b Book   |c Adult Collection   |e Cawangan Bukit Gambir 
999 |a 0001057922   |b Book   |c Adult Collection   |e Cawangan Bandar Penawar